| 000 | 01094nam a2200277 i 4500 | ||
|---|---|---|---|
| 001 | 193761 | ||
| 003 | ES-MaACL | ||
| 005 | 20240906185637.0 | ||
| 007 | ta | ||
| 008 | 240212s2023 sp ||||| |||| 00| 0 spa d | ||
| 017 | _aM 30624-2023 | ||
| 020 | _a9788409549436 | ||
| 040 |
_cES-MaACL _dES-MaACL |
||
| 100 |
_9234843 _aRivera Claudio, Eugenio _eaut |
||
| 245 | 1 | 0 |
_aManual de desvanecimientos / _cEugenio Rivera ; prólogo y notas del Dr. Max Valdemar. |
| 260 |
_a[Madrid] : _bAyuntamiento de Torrejón de Ardoz, _c[2023] |
||
| 300 |
_a94 páginas ; _c21 cm |
||
| 852 |
_aES-MaACL _bR.154882 _cDEPOJ _jN-9697 _hDonación: Eugenio Rivera Claudio _gDedicatoria autógrafa del autor _9201311 _xEncuadernación rústica con solapas |
||
| 903 |
_9234843 _aRivera Claudio, Eugenio _ednr |
||
| 942 |
_n0 _cMONOGRAFIA |
||
| 999 |
_c193761 _d193761 |
||